|
|
|
|
| LEADER |
01558cas a2200241 a 4500 |
| 001 |
AALejournalIMF005683 |
| 008 |
230101c9999 xx r poo 0 0eng d |
| 020 |
|
|
|c 5.00 USD
|
| 020 |
|
|
|z 9781451802993
|
| 022 |
|
|
|a 1934-7685
|
| 040 |
|
|
|a BD-DhAAL
|c BD-DhAAL
|
| 110 |
2 |
|
|a International Monetary Fund.
|
| 245 |
1 |
0 |
|a Burundi :
|b Poverty Reduction Strategy Paper; Annual Progress Report.
|
| 264 |
|
1 |
|a Washington, D.C. :
|b International Monetary Fund,
|c 2009.
|
| 300 |
|
|
|a 1 online resource (116 pages)
|
| 490 |
1 |
|
|a IMF Staff Country Reports
|
| 500 |
|
|
|a <strong>Off-Campus Access:</strong> No User ID or Password Required
|
| 500 |
|
|
|a <strong>On-Campus Access:</strong> No User ID or Password Required
|
| 506 |
|
|
|a Electronic access restricted to authorized BRAC University faculty, staff and students
|
| 520 |
3 |
|
|a This paper discusses findings of the annual progress report on the Poverty Reduction Strategy Paper for Burundi. The report reveals that a number of decisive steps have been taken to promote political governance. Training sessions organized for local elected officials and members of parliament have contributed to enhancing their management capacities. With regard to the land tenure issue, the government expects to address it in the context of social cohesion so as to impart sustainable solutions.
|
| 538 |
|
|
|a Mode of access: Internet
|
| 830 |
|
0 |
|a IMF Staff Country Reports; Country Report ;
|v No. 2009/090
|
| 856 |
4 |
0 |
|z Full text available on IMF
|u http://elibrary.imf.org/view/journals/002/2009/090/002.2009.issue-090-en.xml
|z IMF e-Library
|